Name The Female Metal Singer - Statistics

General Stats
  • This quiz has been taken 29 times
  • The average score is 7 of 18
Answer Stats
Picture Answer % Correct
Amy Lee
79%
Alissa White-Gluz
63%
Lzzy Hale
58%
Floor Jansen
54%
Tarja Turunen
50%
Anette Olzon
46%
Angela Gossow
46%
Simone Simons
46%
Charlotte Wessels
42%
Cristina Scabbia
42%
Sharon Den Adel
42%
Doro Pesch
38%
Elize Ryd
38%
Liv Kristine
25%
Amanda Somerville
21%
Marcela Bovio
13%
Vibeke Stene
13%
Anneke van Giersbergen
4%
No matching quizzes found
Score Distribution
Percent of People with Each Score
Percentile by Number Answered
Your Score History
You have not taken this quiz